Радиационная технология: потенциал использования пиковолновой энергии для охраны здоровья и защиты окружающей среды (Запись № 643745)

Подробности
000 -МАРКЕР
контрольное поле 01930nam0a2200337 4500
001 - ИДЕНТИФИКАТОР ЗАПИСИ
контрольное поле RU\NLR\bibl\115781
005 - ИДЕНТИФИКАТОР ВЕРСИИ
контрольное поле 20260406005032.0
035 ## - ДРУГИЕ СИСТЕМНЫЕ НОМЕРА
Идентификатор записи (NLR Aleph) 000113372
100 ## - ДАННЫЕ ОБЩЕЙ ОБРАБОТКИ
Данные общей обработки 20001101d2000 |||y0rusy50 ca
101 0# - ЯЗЫК РЕСУРСА
Язык текста, звукозаписи и т.д. русский
102 ## - СТРАНА ПУБЛИКАЦИИ ИЛИ ПРОИЗВОДСТВА
Страна публикации Российская Федерация
105 ## - ПОЛЕ КОДИРОВАННЫХ ДАННЫХ: ТЕКСТОВЫЕ МАТЕРИАЛЫ, МОНОГРАФИЧЕСКИЕ
Кодированные данные о монографическом текстовом документе a |||||||||
200 1# - ЗАГЛАВИЕ И СВЕДЕНИЯ ОБ ОТВЕТСТВЕННОСТИ
Основное заглавие Радиационная технология: потенциал использования пиковолновой энергии для охраны здоровья и защиты окружающей среды
Сведения, относящиеся к заглавию Учеб.-справ. пособие
Первые сведения об ответственности И.А. Васильев, А.Ф. Нечаев, А.А. Персинен
Последующие сведения об ответственности Под общ. ред. проф. И.А. Васильева
210 ## - ПУБЛИКАЦИЯ, РАСПРОСТРАНЕНИЕ И ДР.
Место издания, распространения и т.д. СПб.
Имя издателя, распространителя и т. д. С.-Петерб. гос. технол. ин-т (Техн. ун-т), "ИК Синтез"
Дата издания, распространения и т.д. 2000
215 ## - ФИЗИЧЕСКАЯ ХАРАКТЕРИСТИКА
Специфическое обозначение материала и объем 242 с.
Другие сведения о физической характеристике ил.
Размеры 20
225 1# - СЕРИЯ
Основное заглавие серии Введение в инженерную экологию
Обозначение тома Вып. 2
320 ## - ПРИМЕЧАНИЯ О НАЛИЧИИ В ДОКУМЕНТЕ БИБЛИОГРАФИИ / УКАЗАТЕЛЯ
Текст примечания Библиогр.: с. 234-238
606 0# - НАИМЕНОВАНИЕ ТЕМЫ КАК ПРЕДМЕТ
Наименование темы Радиационно-химическая технология
Формальный подзаголовок Руководства, пособия и т.п.
Системный номер авторитетной/нормативной записи 1537731
Идентификатор авторитетной/нормативной записи RU\NLR\auth\66971463
606 0# - НАИМЕНОВАНИЕ ТЕМЫ КАК ПРЕДМЕТ
Наименование темы Радиационно-химическая технология
Формальный подзаголовок Учебные издания
Системный номер авторитетной/нормативной записи 1537731
Идентификатор авторитетной/нормативной записи RU\NLR\auth\66971463
686 ## - ИНДЕКСЫ ДРУГИХ КЛАССИФИКАЦИЙ
Индекс Р126я7
686 ## - ИНДЕКСЫ ДРУГИХ КЛАССИФИКАЦИЙ
Индекс Л114.8
700 #1 - ИМЯ ЛИЦА - ПЕРВИЧНАЯ ОТВЕТСТВЕННОСТЬ
Код отношения Автор
Материалы, к которым относится поле rus
Графика поля Кириллица
Начальный элемент ввода Васильев
Часть имени, кроме начального элемента ввода И. А.
Дополнения к именам, кроме дат д-р хим. наук
Расширение инициалов личного имени Игорь Александрович
Идентификатор авторитетной/нормативной записи RU\NLR\auth\77114531
Системный номер авторитетной/нормативной записи 97456
701 #1 - ИМЯ ЛИЦА - АЛЬТЕРНАТИВНАЯ ОТВЕТСТВЕННОСТЬ
Код отношения Автор
Материалы, к которым относится поле rus
Графика поля Кириллица
Начальный элемент ввода Нечаев
Часть имени, кроме начального элемента ввода А. Ф.
Дополнения к именам, кроме дат д-р хим. наук
Даты 1946-
Расширение инициалов личного имени Александр Федорович
Идентификатор авторитетной/нормативной записи RU\NLR\auth\77114536
Системный номер авторитетной/нормативной записи 97461
701 #1 - ИМЯ ЛИЦА - АЛЬТЕРНАТИВНАЯ ОТВЕТСТВЕННОСТЬ
Начальный элемент ввода Персинен
Часть имени, кроме начального элемента ввода А. А.
Расширение инициалов личного имени Анатолий Александрович
Код отношения Автор
801 #0 - ИСТОЧНИК ЗАПИСИ
Страна Российская Федерация
Организация NLR
Дата составления 20001101
Правила каталогизации PSBO
801 #1 - ИСТОЧНИК ЗАПИСИ
Страна Российская Федерация
Организация NLR
Дата составления 20001101
852 ## - МЕСТОНАХОЖДЕНИЕ И ШИФР ХРАНЕНИЯ
Идентификатор организации NLR
Шифр хранения (Call Number) 2000-3/12836
942 ## - ДОПОЛНИТЕЛЬНЫЕ ЭЛЕМЕНТЫ ЗАПИСИ (АБИС)
Тип экземпляра АБИС Книга
980 ## - КОЛЛЕКЦИЯ
Название коллекции Национальная библиография
Экземпляры
Тип экземпляра Дата поступления Источник поступления Библиотека постоянного хранения Библиотека текущего хранения Место хранения Шифр хранения Штрих-код Статус экземпляра
Книга 05.09.2004 Подсобные фонды РНБ РНБ (Московский) РНБ (Московский) Фонд общего зала литературы по технике Т1 Л11/В-191 1-463864  
Книга 23.11.2004 Подсобные фонды РНБ РНБ (Московский) РНБ (Московский) Фонд научного зала литературы по технике Т2 Л114/В-191 1-360418  
Книга 01.11.2000 Дар РНБ (Московский) РНБ (Московский) Русский книжный фонд: издания с 1957 года 2000-3/12836 77852